000 00890cam a2200277 a 4500
001 16489581
003 OSt
005 20150408114106.0
008 101005s2010 enka 001 0 eng
010 _a 2010502625
020 _a9780340984482 (pbk.)
020 _a0340984481 (pbk.)
040 _aDLC
_cDLC
_dDLC
042 _apcc
050 0 0 _aP53.4
_b.F88 2010
082 0 0 _a402.8/7
_223
_bFGP
100 1 _aFulcher, Glenn.
_918916
245 1 0 _aPractical language testing /
_cGlenn Fulcher.
260 _aLondon :
_bHodder Education,
_c2010.
300 _axvi, 352 p. :
_bill. ;
_c24 cm.
504 _aIncludes bibliographical references (p. [325]-342) and index.
650 0 _aLanguage and languages
_xAbility testing.
_918642
906 _a7
_bcbc
_corigres
_d2
_encip
_f20
_gy-gencatlg
942 _2ddc
_cDVD
999 _c26609
_d261109